000 00540nam a2200193Ia 4500
005 20250508163456.0
008 008 250505s9999 xx 000 0 hin d
037 _aDissertations
040 _aFEDL
_beng
_cFEDL
041 _ahin
_2eng
084 _a155.2, KAP/DI
_qFEDL
100 _aKapoori Devi
_9775417
245 0 _aParipakvata avam aatma-prakashan ka addhyan
260 _c1976
300 _a46p.
546 _aM. Ed. Dissertation (Agra University)
942 _cDIS
_h155.2, KAP/DI
999 _c1383548
_d1383548